Основы природопользования: учебник

ग्रंथसूची विवरण
मुख्य लेखक: Емельянов А. Г. Александр Георгиевич
सारांश:В учебнике изложены эколого-географические основы природопользования как сферы общественно-производственной деятельности человека. Дано представление о природных и природно-антропогенных гео- и экосистемах как объектах природопользования. Рассмотрены связи в системе "воздействие человека на природу — изменения природных комплексов — последствия этих изменений для человека и природы", пути оптимизации природной среды, принципы и методы рационального использования природных ресурсов. Особое внимание уделено эколого-географическим аспектам деятельности по управлению природопользованием.
भाषा:रूसी
प्रकाशित: Москва, Академия, 2011
संस्करण:6-е изд., перераб.
श्रृंखला:Высшее профессиональное образование. Естественные науки
Бакалавриат
विषय:
स्वरूप: MixedMaterials पुस्तक
KOHA link:https://koha.lib.tpu.ru/cgi-bin/koha/opac-detail.pl?biblionumber=199987

MARC

LEADER 00000nam0a2200000 4500
001 199987
005 20231101224925.0
010 |a 9785769572692 
035 |a (RuTPU)RU\TPU\book\218046 
035 |a RU\TPU\book\132448 
035 |a RU\TPU\book\178121 
090 |a 199987 
100 |a 20050404d2011 m y0rusy50 ca 
101 0 |a rus 
102 |a RU 
105 |a y j 001zy 
200 1 |a Основы природопользования  |e учебник  |f А. Г. Емельянов 
205 |a 6-е изд., перераб. 
210 |a Москва  |c Академия  |d 2011 
215 |a 256 с. 
225 1 |a Высшее профессиональное образование. Естественные науки 
225 1 |a Бакалавриат 
320 |a Список литературы: с. 288-293. 
330 |a В учебнике изложены эколого-географические основы природопользования как сферы общественно-производственной деятельности человека. Дано представление о природных и природно-антропогенных гео- и экосистемах как объектах природопользования. Рассмотрены связи в системе "воздействие человека на природу — изменения природных комплексов — последствия этих изменений для человека и природы", пути оптимизации природной среды, принципы и методы рационального использования природных ресурсов. Особое внимание уделено эколого-географическим аспектам деятельности по управлению природопользованием. 
451 1 |0 (RuTPU)RU\TPU\book\178121  |y 978-5-7695-6474-1  |t Основы природопользования  |o учебник  |f А. Г. Емельянов  |e 5-е изд., стер.  |c М.  |n Академия  |d 2009  |p 296 с.  |s Высшее профессиональное образование. Естественные науки  |a Емельянов, Александр Георгиевич 
606 1 |a Природопользование в целом  |2 stltpush  |3 (RuTPU)RU\TPU\subj\38978  |9 59222 
610 1 |a экология 
610 1 |a природные системы 
610 1 |a природные ресурсы 
610 1 |a воздействие на человека 
610 1 |a антропогенные воздействия 
610 1 |a экосистемы 
610 1 |a рациональное использование 
610 1 |a окружающая среда 
610 1 |a природа 
610 1 |a геосистемы 
610 1 |a мелиорация 
610 1 |a управление 
610 1 |a опережающее управление 
610 1 |a оперативное управление 
610 1 |a учебники 
610 1 |a охрана 
675 |a 504.062(075.8)  |v 3 
700 1 |a Емельянов  |b А. Г.  |g Александр Георгиевич 
801 1 |a RU  |b 63413507  |c 20110831 
801 2 |a RU  |b 63413507  |c 20171101  |g RCR 
900 |a Основы природопользования 
942 |c BK 
955 |b 022000  |b 021000  |b 120700 
959 |a 71/20110830  |d 2  |e 387,20  |f ЧЗТЛ:1  |f АНЛ:1